| 000 | 00987nab a22002417a 4500 | ||
|---|---|---|---|
| 999 |
_c6327 _d6327 |
||
| 003 | OSt | ||
| 005 | 20260130203733.0 | ||
| 008 | 190603e xxum|||| |||| 00| 0 spa d | ||
| 040 | _cPJ | ||
| 100 |
_96999 _aJozami Delibasich, José Emilio |
||
| 245 | 1 | 0 |
_aResponsabilidad por lesiones a deportistas / _cJosé Emilio Jozami Delibasich. |
| 260 |
_cCiudad Autónoma de Buenos Aires : _aThomson Reuters La Ley, _b2025. |
||
| 300 | _ap. 20-26 | ||
| 500 | _aCita: TR LALEY AR/DOC/2277/2025 Publicado en: RCCyC 2025 (Octubre). | ||
| 505 | _t¿Te interesa el texto completo? Solicitalo al correo: koha@justierradelfuego.gov.ar | ||
| 650 | 0 |
_91497 _aCODIGO CIVIL Y COMERCIAL |
|
| 650 | 0 |
_91467 _aRESPONSABILIDAD CIVIL |
|
| 650 | 0 |
_92823 _aDAÑOS Y PERJUICIOS |
|
| 650 | 0 |
_93725 _aDEPORTES |
|
| 650 | 0 |
_92950 _aLESIONES |
|
| 773 | 0 |
_02713 _93170 _dCiudad Autónoma de Buenos Aires : Thomson Reuters La Ley, 2015- _tRevista Código Civil y Comercial. Nº 5 - Octubre 2025 |
|
| 942 |
_2udc _cANA |
||